000
00264nam a2200097Ia 4500
001
641662
005
20250826153511.0
008
250824s9999 xx 000 0 und d
245
0
_a
DEFİNE ADASI GENÇLİK KLASİKLERİ
_c
ROBERT L.STEVENSON
260
_b
TİMAŞ ÇOCUK
999
_c
641662
_d
641662